• 首页
  • 本馆介绍
  • 公告通知
  • 最新文献
  • 馆藏检索
  • 电子资源
  • 读者导购
  • 参考咨询
  • 我的图书馆
  • 登录
  • 详细信息显示
  • 放入我的书架
  • 预约/预借图书
  • 作者相关作品
  • 分类相关作品
  • 丛书相关作品
  • 出版社相关作品

书目信息

  • 表格格式
  • 工作单格式
  • 卡片格式
题名:
自达尔文以来
    
 
作者: 古尔德, 著 ;田洺 译
分册:  
出版信息: 海口   海南出版社  2016.5
页数: 10,253页
开本: 24cm
丛书名:
单 册:
中图分类: Q111.2
科图分类:
主题词: 达尔文学说--普及读物
电子资源:
ISBN: 978-7-5443-6494-2
000 01114nam0 2200289 450
001 0400001136
005 20171015155621.0
010    @a978-7-5443-6494-2@dCNY36.00
100    @a20160613d2016 em y0chiy50 ea
101 1  @achi@ceng
102    @aCN@b460000
105    @aa z 000cy
106    @ar
200 1  @a自达尔文以来@9zi da er wen yi lai@d= Ever since Darwin@e进化论的真相和生命的奇迹@f(美) S.J. 古尔德著@g田洺译@zeng
210    @a海口@c海南出版社@d2016.5
215    @a10,253页@c图@d24cm
300    @a科普名家经典
305    @a由W.W.Norton & Company, Inc公司授权出版
330    @a本书收集了进化论者斯蒂芬·杰·古尔德在《自然史》杂志上发表的科学随想,内容涉及关于达尔文、人类的进化、奇特的生物与进化的样板、生命史中的模式与间断等。
510 1  @aEver since Darwin@zeng
517 1  @a进化论的真相和生命的奇迹@9jin hua lun de zhen xiang he sheng ming de qi ji
606 0  @a达尔文学说@j普及读物
690    @aQ111.2@v5
701  1 @c(美)@a古尔德,@9gu er de@bS.J. @g(Gould, Stephen Jay)@4著
702  0 @a田洺@9tian ming@4译
801  0 @aCN@b91MARC@c20171014
905    @b1020071-5@dQ111.2@f5@e209
    
    自达尔文以来= Ever since Darwin:进化论的真相和生命的奇迹/(美) S.J. 古尔德著/田洺译.-海口:海南出版社,2016.5
    10,253页:图;24cm
    科普名家经典
    
    ISBN 978-7-5443-6494-2:CNY36.00
    本书收集了进化论者斯蒂芬·杰·古尔德在《自然史》杂志上发表的科学随想,内容涉及关于达尔文、人类的进化、奇特的生物与进化的样板、生命史中的模式与间断等。
●
相关链接 在E读中查询图书 在五车中查询图书 在当当中查询图书 在豆瓣中查询图书


正题名:自达尔文以来     索取号:Q111.2/209         预约/预借

序号 登录号 条形码 馆藏地/架位号 状态 备注
1 1020071   210200717   第二样本阅览室/ [索取号:Q111.2/209] 在馆    
2 1020072   210200726   密集书库-生命科学系/ [索取号:Q111.2/209] 在馆    
3 1020073   210200735   第三借阅区/ [索取号:Q111.2/209] 在馆    
4 1020074   210200744   第三借阅区/ [索取号:Q111.2/209] 已借出,限还日期为2025.05.05
借出人:李华伟  
 
5 1020075   210200753   第三借阅区/ [索取号:Q111.2/209] 在馆    
唐山师范学院图书馆 欢迎您!
大连网信软件有限公司© 版权所有